Treine Funções Orgânicas - Statistics

Estatísticas Gerais
  • Esse quiz foi jogado 165 vezes
  • A pontuação média é 9 de 19
Estatísticas das Respostas
Imagem Resposta % Correto
Fenol
90%
Álcool
76%
Éter
68%
Éster
65%
Ácido Carboxílico
62%
Aldeído
60%
Cetona
60%
Amina
54%
Amida
50%
Enol
50%
Amida
49%
Ácido Carboxílico
46%
Hidrocarboneto
45%
Haleto Orgânico
24%
Nitrocomposto
22%
Haleto Orgânico
21%
Aminoácido
20%
Sal Orgânico
20%
Tiol
17%
Nenhum quiz correspondente encontrado
Distribuição das Pontuações
Porcentagem de Pessoas com Cada Pontuação
Percentil de Números Respondidos
Sua Pontuação Histórica
Você não jogou esse quiz